000071155 001__ 71155 000071155 005__ 20180727104733.0 000071155 0248_ $$2sideral$$a106901 000071155 037__ $$aART-2016-106901 000071155 041__ $$aspa 000071155 100__ $$0(orcid)0000-0003-1824-3732$$aPérez Monge, Marina$$uUniversidad de Zaragoza 000071155 245__ $$aEnvejecimiento activo, calidad de vida y cuidado de la mujer en España 000071155 260__ $$c2016 000071155 5060_ $$aAccess copy available to the general public$$fUnrestricted 000071155 5203_ $$aEste trabajo trata de relacionar la esperanza de vida de la mujer en España con su intervención como cuidadora de otras personas; y con su calidad de vida, y las consecuencias en la capacidad de obrar. Los resultados obtenidos son que la esperanza de vida de la mujer en España ciertamente es elevada y cuida de otras personas. Sin embargo, su calidad de vida es menor que la del varón, por lo que debe ser atendida por cuidadores. En ocasiones se produce una pérdida de su capacidad natural, que impedirá la toma de decisiones en un futuro. No obstante, el Derecho ofrece diversos instrumentos de protección para facilitar que la persona organice anticipadamente el modo y personas que tomarán decisiones personales y patrimoniales para el eventual momento en que ella no pueda. 000071155 540__ $$9info:eu-repo/semantics/openAccess$$aby-nc-nd$$uhttp://creativecommons.org/licenses/by-nc-nd/3.0/es/ 000071155 655_4 $$ainfo:eu-repo/semantics/article$$vinfo:eu-repo/semantics/publishedVersion 000071155 7102_ $$14004$$2130$$aUniversidad de Zaragoza$$bDpto. Derecho Privado$$cÁrea Derecho Civil 000071155 773__ $$g38 (2016), 29-34$$pAequalitas (Zaragoza)$$tAequalitas (Zaragoza)$$x1575-3379 000071155 85641 $$uhttp://www.aragon.es/estaticos/GobiernoAragon/Organismos/InstitutoAragonesMujer/Documentos/aequalitas_38.pdf$$zTexto completo de la revista 000071155 8564_ $$s2558317$$uhttps://zaguan.unizar.es/record/71155/files/texto_completo.pdf$$yVersión publicada 000071155 8564_ $$s49283$$uhttps://zaguan.unizar.es/record/71155/files/texto_completo.jpg?subformat=icon$$xicon$$yVersión publicada 000071155 909CO $$ooai:zaguan.unizar.es:71155$$particulos$$pdriver 000071155 951__ $$a2018-07-27-09:47:04 000071155 980__ $$aARTICLE